| 000 | 00705nam a2200229Ia 4500 | ||
|---|---|---|---|
| 003 | IIN | ||
| 005 | 20240202125247.0 | ||
| 008 | 231217s9999 xx 000 0 und d | ||
| 020 |
_cFree _a9789390612109 |
||
| 040 |
_aIIN _bEnglish |
||
| 082 |
_a612 _bNAN |
||
| 100 | 1 | _aNandedka, Ashalata N. | |
| 245 | 1 |
_aSelf Assessment Books Joshi's Basic & applied Anatomy & Physiology _cAshalata N. Nandedkar & Sadhana S. Mendhurwar |
|
| 250 | _a4th ed | ||
| 260 |
_bWolters Kluwer _aNew Delhi _c2022 |
||
| 300 | _a156p. | ||
| 500 | 1 | _aMain book title ' Joshi's Basic & applied Anatomy & Physiology ' | |
| 650 | 1 | _aAnatomy | |
| 650 | 1 | _aPhysiology | |
| 700 | 1 | _aMendhurwar, Sadhana S. | |
| 942 | _cBOOK | ||
| 999 |
_c1484 _d1484 |
||